| 000 | 00000nam##2200000za#4500 |
| 001 | 9.642008 |
| 003 | CaOODSP |
| 005 | 20210624223504 |
| 007 | cr ||||||||||| |
| 008 | 150407|2006||||xxc|||||o f|0| 0 fre|d |
| 040 | |aCaOODSP|bfre |
| 043 | |an-cn--- |
| 086 | 1 |aEn4-221/2006F-PDF |
| 110 | 1 |aCanada. |bEnvironnement Canada. |
| 245 | 10|aGestion de la propriété intellectuelle |h[ressource électronique] |
| 260 | |aGatineau - Québec : |bEnvironnement Canada |cJuillet 2006. |
| 300 | |a74p.|btableaux |
| 590 | |a13-14-Supp|b2013-05-30 |
| 775 | 08|tIntellectual property management |w(CaOODSP)9.698011 |
| 856 | 40|ahttp://publications.gc.ca|qPDF|s389 Ko|uhttps://publications.gc.ca/collections/collection_2013/ec/En4-221-2006-fra.pdf |